000 00418nam a2200181Ia 4500
008 151202s9999||||xx |||||||||||||| ||und||
082 _bPNVM-71372
100 _aROBERTS NORA.
245 _aBLUE DAHLIA.
260 _b"JOVE BOOKS ,NEW YORK."
260 _c2004
300 _a367
600 _aROBERTS NORA.
630 _aBLUE DAHLIA.
700 _aROBERTS NORA.
730 _aBLUE DAHLIA.
942 _cBOOK
999 _c1337947
_d1337944